[Event "ESP-ch U12 rapid"]
[Site "Salobrena"]
[Date "2023.07.16"]
[Round "5"]
[White "Echegoyen Sadyan, Mateo"]
[Black "Lopez Martinez, Jaime"]
[Result "1-0"]
[WhiteElo "1523"]
[BlackElo "1704"]
[PlyCount "133"]
[EventDate "2023.07.15"]
[EventType "swiss (rapid)"]
[EventRounds "9"]
[EventCountry "ESP"]
[SourceTitle "EXT 2024"]
[Source "ChessBase"]
[SourceDate "2023.10.10"]
[SourceVersion "1"]
[SourceVersionDate "2023.10.10"]
[SourceQuality "1"]

1. d4 Nf6 2. Nf3 e6 3. e3 d5 4. Bd3 Bd6 5. 0-0 0-0 6. Nbd2 b6 7. e4 dxe4 8. Nxe4 Bb7 9. Qe2 Nxe4 10. Bxe4 Bxe4 11. Qxe4 Nd7 12. Bg5 Be7 13. Bxe7 Qxe7 14. c3 Nf6 15. Qe2 Rfd8 16. Ne5 Qd6 17. Rfe1 c5 18. Rad1 Qc7 19. dxc5 Qxc5 20. Ng4 Nxg4 21. Qxg4 Qb5 22. Qh4 Rxd1 23. Rxd1 h6 24. Qe4 Rc8 25. b3 Qc5 26. c4 Qa3 27. Qc2 b5 28. Rd4 Qc5 29. Re4 Rd8 30. g3 b4 31. Kg2 Qc6 32. f3 Qd6 33. Qe2 Kf8 34. Kf2 Qc5+ 35. Kf1 Qd6 36. Kf2 Qb6+ 37. Kf1 Rd7 38. Qf2 Rd1+ 39. Kg2 Qxf2+ 40. Kxf2 Rd2+ 41. Re2 Rd1 42. Re1 Rxe1 43. Kxe1 Ke7 44. Kd2 Kd6 45. Kd3 Kc5 46. Ke4 f6 47. f4 Kd6 48. Kd4 a5 49. Ke4 Kc5 50. Kd3 h5 51. Ke4 Kd6 52. h3 Kc5 53. g4 hxg4 54. hxg4 Kc6 55. Kd4 Kd6 56. Ke4 Kc6 57. g5 Kd6 58. Kd4 Kc6 59. gxf6 gxf6 60. Ke4 Kd6 61. Kd4 Kc6 62. c5 Kb5 63. f5 exf5 64. Kd5 f4 65. c6 f3 66. c7 f2 67. c8Q 1-0

[Event "ESP-ch U12 rapid"]
[Site "Salobrena"]
[Date "2023.07.16"]
[Round "9"]
[White "Echegoyen Sadyan, Mateo"]
[Black "Osuna Smyshlyayev, Ivan"]
[Result "1-0"]
[WhiteElo "1523"]
[BlackElo "1434"]
[PlyCount "113"]
[EventDate "2023.07.15"]
[EventType "swiss (rapid)"]
[EventRounds "9"]
[EventCountry "ESP"]
[SourceTitle "EXT 2024"]
[Source "ChessBase"]
[SourceDate "2023.10.10"]
[SourceVersion "1"]
[SourceVersionDate "2023.10.10"]
[SourceQuality "1"]

1. e4 c5 2. Nc3 e6 3. f4 Nc6 4. Nf3 Qc7 5. d3 Be7 6. g3 Nf6 7. Bg2 0-0 8. 0-0 d6 9. a3 e5 10. f5 Nd4 11. Bg5 Bd7 12. Bxf6 Bxf6 13. Nd5 Qd8 14. c3 Nxf3+ 15. Qxf3 Bc6 16. Nxf6+ Qxf6 17. g4 Bb5 18. c4 Bc6 19. Qg3 g6 20. fxg6 Qxg6 21. h4 Bd7 22. g5 f5 23. exf5 Bxf5 24. Bxb7 Rab8 25. Bd5+ Kh8 26. b4 h6 27. bxc5 hxg5 28. hxg5 Bxd3 29. Rxf8+ Rxf8 30. cxd6 Rf5 31. Qh4+ Kg7 32. Qh6+ Qxh6 33. gxh6+ Kxh6 34. d7 Rf8 35. c5 Bb5 36. c6 Bxc6 37. Bxc6 Rd8 38. Re1 Kg7 39. Rxe5 Rb8 40. Re8 Rb1+ 41. Kf2 Rb2+ 42. Ke3 Rb3+ 43. Kd4 Rb1 44. d8Q Rd1+ 45. Kc5 Rxd8 46. Rxd8 Kf7 47. Rd7+ Ke6 48. Rxa7 Kf6 49. Rb7 Ke6 50. a4 Ke5 51. a5 Kf4 52. a6 Ke5 53. a7 Kf6 54. a8Q Ke6 55. Qe8+ Kf6 56. Rf7+ Kg5 57. Qg8+ 1-0

[Event "ESP-ch U12 rapid"]
[Site "Salobrena"]
[Date "2023.07.15"]
[Round "1"]
[White "Echegoyen Sadyan, Mateo"]
[Black "Martin Zamora, Jose"]
[Result "1-0"]
[WhiteElo "1523"]
[BlackElo "1176"]
[PlyCount "69"]
[EventDate "2023.07.15"]
[EventType "swiss (rapid)"]
[EventRounds "9"]
[EventCountry "ESP"]
[SourceTitle "EXT 2024"]
[Source "ChessBase"]
[SourceDate "2023.10.10"]
[SourceVersion "1"]
[SourceVersionDate "2023.10.10"]
[SourceQuality "1"]

1. d4 Nf6 2. Nf3 g6 3. c4 Bg7 4. g3 0-0 5. Bg2 d6 6. 0-0 Nbd7 7. Nc3 c5 8. e4 a6 9. h3 Rb8 10. a4 b6 11. Be3 Bb7 12. d5 Qc7 13. Qd2 Rfe8 14. Bh6 a5 15. Bxg7 Kxg7 16. Nb5 Qd8 17. Rfe1 Ba6 18. Na3 Qc7 19. b3 Rb7 20. Re2 Reb8 21. Rae1 e6 22. dxe6 fxe6 23. e5 dxe5 24. Nxe5 Ra7 25. Nc6 Rc8 26. Nxa7 Qxa7 27. Rxe6 Rd8 28. Qc3 Qc7 29. Re7+ Kf8 30. Qxf6+ Nxf6 31. Rxc7 Rd2 32. Ree7 Ne8 33. Rf7+ Kg8 34. Ra7 Ra2 35. Bd5 1-0

[Event "ESP-ch U12"]
[Site "Salobrena"]
[Date "2023.07.10"]
[Round "2"]
[White "Echegoyen Sadyan, Mateo"]
[Black "Xia, Zhe"]
[Result "1-0"]
[WhiteElo "1767"]
[BlackElo "1416"]
[PlyCount "95"]
[EventDate "2023.07.10"]
[EventType "swiss"]
[EventRounds "9"]
[EventCountry "ESP"]
[SourceTitle "EXT 2024"]
[Source "ChessBase"]
[SourceDate "2023.10.10"]
[SourceVersion "1"]
[SourceVersionDate "2023.10.10"]
[SourceQuality "1"]

1. e4 e5 2. Nf3 Nc6 3. Bb5 Nf6 4. d3 Bc5 5. c3 d6 6. Bg5 h6 7. Bh4 Bd7 8. 0-0 Ne7 9. Bxd7+ Qxd7 10. d4 exd4 11. cxd4 Bb6 12. a4 a6 13. a5 Ba7 14. Nc3 Ng6 15. Bxf6 gxf6 16. Nd5 0-0-0 17. Rc1 c6 18. Qc2 Qe6 19. Ne3 Rhg8 20. d5 Qd7 21. dxc6 bxc6 22. Qxc6+ Qxc6 23. Rxc6+ Kb7 24. Rfc1 Rd7 25. Nd5 Bc5 26. R6xc5 dxc5 27. Nxf6 Nf4 28. Kf1 Rdd8 29. Nxg8 Rxg8 30. g3 Nd3 31. Rd1 c4 32. Ne1 Nxb2 33. Rb1 c3 34. Nd3 Ka7 35. Nxb2 Rb8 36. Ke1 cxb2 37. Kd2 Rb4 38. e5 Rb5 39. f4 Kb7 40. Kc3 Kc7 41. Rxb2 Rxa5 42. Kd4 Kd7 43. Ke4 Rb5 44. Rxb5 axb5 45. Kd5 h5 46. h3 Ke7 47. f5 Kf8 48. g4 1-0

[Event "ESP-ch U12 Rapid"]
[Site "Salobrena"]
[Date "2022.07.17"]
[Round "7"]
[White "Echegoyen Sadyan, Mateo"]
[Black "Feal Albala, Alonso"]
[Result "1/2-1/2"]
[WhiteElo "1351"]
[BlackElo "1580"]
[PlyCount "103"]
[EventDate "2022.07.09"]
[EventType "swiss (rapid)"]
[EventRounds "9"]
[EventCountry "ESP"]
[SourceTitle "EXT 2023"]
[Source "ChessBase"]
[SourceDate "2022.10.05"]
[SourceVersion "1"]
[SourceVersionDate "2022.10.05"]
[SourceQuality "1"]

1. b3 e5 2. Bb2 Nc6 3. e3 Nge7 4. Nf3 e4 5. Nd4 Nxd4 6. Bxd4 d5 7. d3 Be6 8. Nd2 f5 9. c4 exd3 10. Bxd3 Qd7 11. Nf3 Nc6 12. Ne5 Bb4+ 13. Kf1 Nxe5 14. Bxe5 0-0 15. cxd5 Bxd5 16. Bc4 Bxc4+ 17. bxc4 Rad8 18. Qb3 Qd3+ 19. Qxd3 Rxd3 20. Ke2 Rd2+ 21. Kf3 Bd6 22. Bxd6 Rxd6 23. Rhd1 Rfd8 24. Rxd6 Rxd6 25. Rb1 b6 26. Rb2 Kf7 27. c5 Rc6 28. cxb6 axb6 29. a4 Rc5 30. Rb5 Rxb5 31. axb5 Ke6 32. e4 Ke5 33. exf5 Kxf5 34. Ke3 Ke5 35. f4+ Kd5 36. g4 c6 37. bxc6 Kxc6 38. Kd4 Kd6 39. f5 b5 40. h3 b4 41. Kc4 Ke5 42. Kxb4 h5 43. Kc3 Kf4 44. Kd4 hxg4 45. hxg4 Kxg4 46. Ke4 Kg5 47. Ke5 Kh6 48. Kf4 Kh7 49. Kg5 Kg8 50. Kg6 Kf8 51. f6 gxf6 52. Kxf6 1/2-1/2

[Event "ESP-ch U12 Rapid"]
[Site "Salobrena"]
[Date "2022.07.17"]
[Round "6"]
[White "Morras Alonso, Gael"]
[Black "Echegoyen Sadyan, Mateo"]
[Result "0-1"]
[WhiteElo "1197"]
[BlackElo "1351"]
[PlyCount "122"]
[EventDate "2022.07.09"]
[EventType "swiss (rapid)"]
[EventRounds "9"]
[EventCountry "ESP"]
[SourceTitle "EXT 2023"]
[Source "ChessBase"]
[SourceDate "2022.10.05"]
[SourceVersion "1"]
[SourceVersionDate "2022.10.05"]
[SourceQuality "1"]

1. e4 e6 2. d4 d5 3. exd5 exd5 4. Bd3 Bd6 5. Qf3 Nf6 6. Nc3 c6 7. Bf4 0-0 8. h3 Qc7 9. Bxd6 Qxd6 10. Nge2 Be6 11. 0-0 Nbd7 12. Ng3 Rfe8 13. Rfe1 Nf8 14. Re3 Ng6 15. Rae1 Bd7 16. Rxe8+ Rxe8 17. Rxe8+ Bxe8 18. Nf5 Qb4 19. b3 Qxc3 20. Ne7+ Kh8 21. Bxg6 Qxf3 22. gxf3 hxg6 23. Nc8 a5 24. Nd6 b5 25. Nb7 a4 26. bxa4 bxa4 27. Nc5 a3 28. Nb3 Bd7 29. Kg2 Nh5 30. Kh2 Nf4 31. h4 Ne2 32. Kg2 Nc3 33. Nc1 Bf5 34. f4 Bxc2 35. Kf3 Be4+ 36. Ke3 Kh7 37. f3 Bf5 38. Kd2 Nb5 39. Ke3 Kh6 40. Kf2 Nxd4 41. Kg3 Bb1 42. Kg4 Nb5 43. f5 gxf5+ 44. Kf4 Nc3 45. Nb3 Bxa2 46. Na1 Ne2+ 47. Kxf5 Bc4 48. Kg4 a2 49. h5 Nd4 50. f4 Nb3 51. Nc2 Be2+ 52. Kh4 d4 53. f5 d3 54. Ne1 a1Q 55. Nxd3 Bxd3 56. f6 Qg1 57. fxg7 Qg5+ 58. Kh3 Bf5+ 59. Kh2 Qf4+ 60. Kh1 Qg3 61. g8Q Be4# 0-1

[Event "ESP-ch U12 Rapid"]
[Site "Salobrena"]
[Date "2022.07.16"]
[Round "4"]
[White "Echegoyen Sadyan, Mateo"]
[Black "Herman Gamazo, Isaac"]
[Result "0-1"]
[WhiteElo "1351"]
[BlackElo "1729"]
[PlyCount "134"]
[EventDate "2022.07.09"]
[EventType "swiss (rapid)"]
[EventRounds "9"]
[EventCountry "ESP"]
[SourceTitle "EXT 2023"]
[Source "ChessBase"]
[SourceDate "2022.10.05"]
[SourceVersion "1"]
[SourceVersionDate "2022.10.05"]
[SourceQuality "1"]

1. b3 e5 2. Bb2 Nc6 3. e3 d5 4. Bb5 e4 5. d3 Nf6 6. Nd2 Bg4 7. Ne2 exd3 8. cxd3 Bd6 9. h3 Bd7 10. Nf3 0-0 11. 0-0 a6 12. Bxc6 Bxc6 13. Ne5 Be8 14. Rc1 Nd7 15. Nxd7 Bxd7 16. d4 Qg5 17. Kh1 Rae8 18. Ng1 f5 19. Nf3 Qh6 20. Ne5 Bxe5 21. dxe5 c6 22. f4 Be6 23. Ba3 Rf7 24. Qf3 g5 25. Kg1 gxf4 26. exf4 Rg7 27. Kf2 d4 28. Bb2 Bd5 29. Qd3 Qxf4+ 30. Ke2 Rxg2+ 31. Kd1 Qxe5 32. Bxd4 Qe2+ 33. Qxe2 Rexe2 34. Rxf5 Rd2+ 35. Ke1 Rxd4 36. Rf2 Rg1+ 37. Rf1 Rg2 38. Rf2 Re4+ 39. Kf1 Rxf2+ 40. Kxf2 Rf4+ 41. Kg3 Rf3+ 42. Kg4 Rf2 43. Re1 Kf7 44. Kg3 Rxa2 45. Re3 Rb2 46. b4 Rb3 47. Kf2 Rxe3 48. Kxe3 Ke6 49. Kd4 b6 50. h4 h5 51. Kc3 Kf5 52. Kd4 Kf4 53. Kd3 Kg4 54. Ke3 Kxh4 55. Kf4 a5 56. bxa5 bxa5 57. Ke3 a4 58. Kd2 a3 59. Kc1 a2 60. Kb2 Kg3 61. Ka1 h4 62. Kb2 h3 63. Ka1 h2 64. Kb2 h1Q 65. Kc2 a1Q 66. Kd3 Qf3+ 67. Kc2 Qfc3# 0-1

[Event "ESP-ch U12"]
[Site "Salobrena"]
[Date "2022.07.15"]
[Round "8"]
[White "Odriozola Coscolin, Dani"]
[Black "Echegoyen Sadyan, Mateo"]
[Result "1/2-1/2"]
[WhiteElo "1634"]
[BlackElo "1351"]
[PlyCount "68"]
[EventDate "2022.07.04"]
[EventType "swiss"]
[EventRounds "9"]
[EventCountry "ESP"]
[SourceTitle "EXT 2023"]
[Source "ChessBase"]
[SourceDate "2022.10.05"]
[SourceVersion "1"]
[SourceVersionDate "2022.10.05"]
[SourceQuality "1"]

1. e4 e6 2. d4 d5 3. Nd2 dxe4 4. Nxe4 Nd7 5. Nf3 Ngf6 6. Nxf6+ Nxf6 7. Bd3 Be7 8. Qe2 0-0 9. Be3 b6 10. 0-0-0 Bb7 11. Rhg1 Nd5 12. Bd2 Nb4 13. Bxb4 Bxb4 14. h4 Be7 15. Kb1 a5 16. Be4 Bxe4 17. Qxe4 Qd5 18. Rge1 Qxe4 19. Rxe4 Rad8 20. Kc1 Bf6 21. Ne5 Bxe5 22. dxe5 Rxd1+ 23. Kxd1 Rd8+ 24. Ke2 Kf8 25. c3 Ke7 26. a4 h5 27. Re3 g6 28. Rd3 Rd5 29. f4 c6 30. Ke3 Rxd3+ 31. Kxd3 c5 32. Kc4 Kd7 33. Kb5 Kc7 34. b3 Kb7 1/2-1/2

[Event "ESP-ch U12"]
[Site "Salobrena"]
[Date "2022.07.12"]
[Round "3"]
[White "Echegoyen Sadyan, Mateo"]
[Black "Palomo Monserrat, Lorenzo"]
[Result "1-0"]
[WhiteElo "1351"]
[BlackElo "1806"]
[PlyCount "131"]
[EventDate "2022.07.04"]
[EventType "swiss"]
[EventRounds "9"]
[EventCountry "ESP"]
[SourceTitle "EXT 2023"]
[Source "ChessBase"]
[SourceDate "2022.10.05"]
[SourceVersion "1"]
[SourceVersionDate "2022.10.05"]
[SourceQuality "1"]

1. b3 e5 2. Bb2 Nc6 3. e3 Nge7 4. Nf3 Ng6 5. d3 d5 6. Be2 Be7 7. Nbd2 0-0 8. 0-0 Be6 9. Re1 Qd7 10. a3 f5 11. Nf1 a5 12. c4 f4 13. e4 d4 14. N1d2 Nh8 15. h3 g5 16. Nh2 Bf7 17. Ng4 Kg7 18. Nf3 Ng6 19. Nd2 Rh8 20. Nh2 Rag8 21. Bh5 Qe8 22. g4 Nb8 23. Nhf3 Nd7 24. Kg2 Bd8 25. b4 h6 26. bxa5 Nf6 27. Bxg6 Bxg6 28. Nh2 h5 29. Qe2 Qa4 30. Ndf3 Nd7 31. Qd2 Qc6 32. Qe2 Qe6 33. Nd2 Nf6 34. Rh1 Rh7 35. f3 Rgh8 36. Rag1 hxg4 37. hxg4 Rh3 38. Nhf1 R3h4 39. Nb3 Rf8 40. Rxh4 gxh4 41. Nfd2 Rh8 42. Rh1 Nh7 43. Qf2 Ng5 44. Rb1 h3+ 45. Kh2 Nf7 46. Nf1 Bh4 47. Qe2 Ng5 48. Nxd4 Qf6 49. Nf5+ Bxf5 50. exf5 Kf7 51. Ba1 Qc6 52. Nd2 Bg3+ 53. Kh1 Re8 54. Ne4 Nh7 55. Rb5 Qd7 56. Rxe5 Rxe5 57. Bxe5 Qa4 58. Bxc7 Qxa3 59. Nxg3 fxg3 60. Bxg3 Qxa5 61. Qe6+ Kf8 62. Bd6+ Kg7 63. Qg6+ Kh8 64. Qe8+ Kg7 65. Be5+ Nf6 66. Qg6+ 1-0

[Event "ESP-ch U12"]
[Site "Salobrena"]
[Date "2022.07.11"]
[Round "2"]
[White "Gutierrez Toro, Raul"]
[Black "Echegoyen Sadyan, Mateo"]
[Result "1/2-1/2"]
[WhiteElo "1600"]
[BlackElo "1351"]
[PlyCount "65"]
[EventDate "2022.07.04"]
[EventType "swiss"]
[EventRounds "9"]
[EventCountry "ESP"]
[SourceTitle "EXT 2023"]
[Source "ChessBase"]
[SourceDate "2022.10.05"]
[SourceVersion "1"]
[SourceVersionDate "2022.10.05"]
[SourceQuality "1"]

1. e4 e6 2. d4 d5 3. Bd3 dxe4 4. Bxe4 Nf6 5. Bf3 c5 6. c3 Nc6 7. Ne2 cxd4 8. cxd4 Be7 9. 0-0 0-0 10. Nbc3 Nb4 11. Bg5 Nbd5 12. Nxd5 Nxd5 13. Bxe7 Qxe7 14. Bxd5 exd5 15. Nc3 Be6 16. Re1 Qd7 17. Qf3 Rac8 18. h3 Rfe8 19. Re5 f6 20. Re3 Bf7 21. Rae1 Rxe3 22. Rxe3 Kf8 23. Qf4 Re8 24. Rxe8+ Bxe8 25. Kh2 b6 26. a3 Bf7 27. a4 Be8 28. Qb8 Ke7 29. Qg3 Qd6 30. f4 Kf7 31. Qf3 Bc6 32. Kg1 Qb4 33. Qf2 1/2-1/2